000 00837cam a2200241 a 4500
001 14891606
005 20180301034645.0
008 070614s2008 nyua b 001 0 eng
010 _a 2007024945
020 _a9780814409275
020 _a081440927X
040 _aDLC
_cDLC
_dDLC
041 _aeng
080 _a658.301 HAL
082 0 0 _a658.301 HAL
_222
100 1 _a54
101 _aKAP
245 1 4 _aThe new human capital strategy :
_cBradley W. Hall.
504 _aIncludes bibliographical references and index.
906 _a7
_bcbc
_corignew
_d1
_eecip
_f20
_gy-gencatlg
942 _2ddc
_cBK
999 _c43761
_d43761